| 000 | 01021nam a2200253 i 4500 | ||
|---|---|---|---|
| 001 | 181049 | ||
| 003 | ES-MaACL | ||
| 005 | 20240530091613.0 | ||
| 008 | 121015s2010 sp | |||||||| | spa d | ||
| 020 | _a978-84-8439-528-7 | ||
| 080 | _a821.134.2 Ruiz Amezcua, Manuel 1.07 | ||
| 245 | 0 | 0 |
_aSingularidad en la poesía de Manuel Ruiz Amezcua / _cedición corregida, revisada y aumentada por José Francisco Ruiz Casanova. |
| 250 | _a4ª ed. corr. y aum. | ||
| 260 |
_aJaén : _bPublicaciones de la Universidad de Jaén, _c2010. |
||
| 300 |
_a442 p. ; _c23 cm. |
||
| 500 | _aIncluye (p. 327-425): una selección de poemas de Manuel Ruiz Amezcua. | ||
| 504 | _aBibliografía: p. [430]-442. | ||
| 600 | 0 | 4 |
_aRuiz Amezcua, Manuel, _d1952- _9100652 |
| 700 | 1 |
_aRuiz Casanova, José Francisco. _9100694 |
|
| 852 |
_aES-MaACL _jA-12264 _9187932 _bR.147085 _cDEPO1 _dOlim: N-5269 _xDonación: Real Academia Española |
||
| 914 |
_96336 _aReal Academia Española _ednr |
||
| 942 |
_2udc _cMONOGRAFIA |
||
| 999 |
_c181049 _d181049 |
||